Нормален изглед
MARC изглед
- Петканова, Магда
Вход 01. Лично име
001 - Контролен номер на записа
- Контролно поле: 383600
003 - Код на организацията, даваща контролен номер
- Контролно поле: BLK
005 - Дата и час на последна промяна на записа
- Контролно поле: 20200527154110.0
008 - Данни с фиксирана дължина – обща информация
- Данни с фиксирана дължина : 180422|| aca||aabn | a|a d
100 ## - ИМЕ НА ЛИЦЕ -ПЪРВИЧНА ИНТЕЛЕКТУАЛНА ОТГОВОРНОСТ
- Лично име: Петканова, Магда
- Дати, свързани с автора: 16.08.1900 – 16.05.1970
- Друга информация: Магда Петканова е българска поетеса, сценарист и драматург. За първи път печата свои стихове във вестник „Неделно утро“ през 1923 г. По-късно редовно сътрудничи на „Вестник на жената“, „Демократически преглед“, „Изкуство и критика“. През 1927 г. литературната задруга „Хиперион“ издава първата ѝ стихосбирка „Македонски песни“. Най-значителната ѝ стихосбирка е „Кавали свирят“. След 1945 г. Магда Петканова се отдава на драматургията. Пиесите си пише в стихове. Драмата ѝ „Царица Теодора“ е поставена в Народния театър. Автор и на сценарии за игрални филми и либрета за опери. Превежда от полски, чешки и сърбохърватски.
- Пълна форма на името: Магда Петканова
942 ## - Системна служебна употреба
- Koha auth type: PERSO_NAME